A study of the voussoir arch, (Record no. 546823)

000 -LEADER
fixed length control field 00563cam a22001691 4500
082 ## - DEWEY DECIMAL CLASSIFICATION NUMBER
Classification number 624.1775
Author Mark PIP
-- L-14, P-7
100 1# - MAIN ENTRY--PERSONAL NAME
Personal name Pippard, Alfred John Sutton,
9 (RLIN) 42342
245 12 - TITLE STATEMENT
Title A study of the voussoir arch,
Statement of responsibility, etc. by A. J. Sutton Pippard and Letitia Chitty.
260 ## - PUBLICATION, DISTRIBUTION, ETC.
Place of publication, distribution, etc. London,
Name of publisher, distributor, etc. H. M. Stationery Off.,
Date of publication, distribution, etc. 1951.
300 ## - PHYSICAL DESCRIPTION
Extent 52 p.
Other physical details illus.
Dimensions 25 cm.
490 0# - SERIES STATEMENT
Series statement National building studies. Research paper,
526 ## - STUDY PROGRAM INFORMATION NOTE
Program name 0
Interest level 0
Reading level 0
Title point value 624_177500000000000_PIP
650 #0 - SUBJECT ADDED ENTRY--TOPICAL TERM
Topical term or geographic name entry element Arches.
9 (RLIN) 43021
650 #0 - SUBJECT ADDED ENTRY--TOPICAL TERM
Topical term or geographic name entry element MCE
9 (RLIN) 379
700 1# - ADDED ENTRY--PERSONAL NAME
Personal name Chitty, Letitia,
9 (RLIN) 43022
942 ## - ADDED ENTRY ELEMENTS (KOHA)
Source of classification or shelving scheme
Koha item type Book
Holdings
Withdrawn status Lost status Source of classification or shelving scheme Damaged status Not for loan Permanent Location Current Location Date acquired Total Checkouts Full call number Barcode Date last seen Price effective from Koha item type
          Military College of Engineering (MCE) Military College of Engineering (MCE) 06/20/2014   624.1775 PIP MCE-30235 06/20/2014 06/20/2014 Book
© 2023 Central Library, National University of Sciences and Technology. All Rights Reserved.